00301nam a2200121Ia 4500008004100000100003800041245003900079260001600118300001000134650001300144942000700157999001500164190216s9999||||xx |||||||||||||| ||und|| a"Gupta S K,Agarwal N And Gupta N" 0aFinancial Markets And Institutions bKalyani Pub a13-14 aCommerce cBK c6873d6873